000
00337pab a2200145 454500
008
180718b1983 xxu||||| |||| 00| 0 eng d
100
_a
Sanyal, Amal
245
_a
Choice, Welfare and measurement
260
_c
1983
300
_a
49-56
362
_a
Oct.
650
_a
Welfare Economics
773
_a
Social Scientist
909
_a
20671
999
_c
20671
_d
20671